000 00969nam a2200289Ia 4500
003 OSt
005 20221007123610.0
006 a|||||r|||| 00| 0
007 ta
008 221006b |||||||| |||| 00| 0 eng d
020 _a0074622439 (pbk)
_cRs.260.00
024 _a76615
037 _b1704, 13/02/2007, Unilib Book Distributors
_cTextbook
040 _aPAPL
_cPAPL
_beng
041 _2eng
_aeng
082 _aD65,2, K7;4 Carpa
100 _aMillman Jacob
_9423112
245 0 _aElectronic devices and circuits
_b Halkias Christos C
260 _aNew
_bYork McGraw-Hill,Inc.
_c1967
300 _axiii,752p.
_ccm.
500 _aIncludes bibliographical references; Index 745-752p
650 _a Electronic devices
650 _aPhysics
700 _a Halkias Christos C
942 _hD65,2, K7;4 Carpa
_cTB
_2CC
999 _c1212167
_d1212167